000 00421 a2200169 4500
020 _a9788131718360
082 _a629.892
090 _c7460
_d7460
100 _aCraig, John
245 _aIntroduction to robotics : mechanics and control
_cJohn Craig
250 _a3rd ed.
260 _aNew Delhi
_bPearson education
_c2009
300 _a400 p.
650 _aRobotics
700 _aJohn Craig
942 _cBK
_k629.892 CRA
999 _c11263
_d11263